000 01126nam a2200337 i 4500
001 bg
003 BPK
005 20221021090016.0
008 981023s1986 pl a f |000 0 pol d
015 _aPB 1987/554
020 _a8321333095
040 _aWA N
_cBPK
041 0 _apol
080 _a624
080 _a621.88
100 1 _aŁaguna, Jan
_eAutor
245 1 0 _aPołączenia śrubowe i nitowe /
_cJan Łaguna, Krzysztof Łypacewicz.
260 _aWarszawa :
_b"Arkady",
_c1986.
300 _a214, [1] s. :
_bfot., rys., wykr. ;
_c24 cm.
490 1 _aEkonomiczne Konstrukcje Stalowe : projektowanie i realizacja.
504 _aBibliogr. s. 212-[215].
650 4 _aBudownictwo
_xprojekty.
650 4 _aŚruby
_xstosowanie.
650 4 _aPołączenia konstrukcyjne
650 4 _aNitowanie
700 1 _aŁypacewicz, Krzysztof
_d(1931- ).
710 2 _aWydawnictwo "Arkady".
_4pbl.
856 _uhttp://koha.tu.koszalin.pl/cgi-bin/koha/opac-detail.pl?biblionumber=3205
_yKatalog online BPK
830 0 _aEkonomiczne Konstrukcje Stalowe
942 _2UKD
_cKS
999 _c3205
_d3205